LEADER 00531nab a2200145 i 4500 001 000000317318 003 CaOOAMICUS 005 20180831173226.0 008 180831n it uu u0 0ita r 013 $a26400 040 $aSeMil$bita 100 1 $aOttone, Rinaldo <1961- >.$0(OLS)http://semarc/name/90799 245 10$aOntologia debole e "Caritas" :$bnel pensiero di Gianni Vattimo. 773 0 $t[SENZA TITOLO].$gp.171-203$w()261362 996 $6245$aOntologia debole e "Caritas" :$bnel pensiero di Gianni Vattimo$9(OLS)http://semarc/title/391286 LEADER 00535nab a2200145 i 4500 001 000000316198 003 CaOOAMICUS 005 20180831173204.0 008 180831n xx uu u0 0und r 013 $a25281 040 $aSeMil$bita 100 1 $aGiavini, Giovanni,$c.$0(OLS)http://semarc/name/17859 245 10$aIn margine ad un recente commento alle lettere di S. Paolo. 773 0 $t[Gennaio-Dicembre].$g62-69$w()274000 996 $6245$aIn margine ad un recente commento alle lettere di S. Paolo$9(OLS)http://semarc/title/390225